000
00330nam a2200145Ia 4500
100
_a
Schildt/ Herbert
942
_c
BK
654
_a
C:the complete reference
245
_a
C:the complete reference
260
_b
Osborne Mc graw Hill
_a
New York
_c
1995
082
_a
005.13C
300
_a
823
546
_a
ENGLISH
999
_c
22873
_d
22873